| 000 | 00590nam a2200253Ia 4500 | ||
|---|---|---|---|
| 003 | OSt | ||
| 005 | 20221007082220.0 | ||
| 006 | a|||||r|||| 00| 0 | ||
| 007 | ta | ||
| 008 | 221006b |||||||| |||| 00| 0 eng d | ||
| 024 | _a11,117 | ||
| 037 | _cTextual | ||
| 040 |
_aFLL _cFLL _beng |
||
| 041 |
_2eng _aeng |
||
| 082 | _aVI:2:9Zq, H7 | ||
| 110 | _aGovt. of india | ||
| 245 | 0 | _aConstitutional precedents | |
| 250 | _a3rd | ||
| 260 | _c1974 | ||
| 300 |
_a302p _ccm. |
||
| 700 | _aGovt. of india | ||
| 942 |
_hVI:2:9Zq, H7 _cTEXL _2CC |
||
| 999 |
_c1165707 _d1165707 |
||